| 000 | 00837nam a2200217Ia 4500 | ||
|---|---|---|---|
| 999 |
_c40787 _d40787 |
||
| 001 | 7426 | ||
| 003 | GE_BSU | ||
| 005 | 20231204152413.0 | ||
| 008 | 181216s1976||||ge |||||||||||||| ||geo|| | ||
| 040 | _cGE_BSU | ||
| 041 | _ageo | ||
| 080 | _a821.353.1-11 დ-15 | ||
| 100 |
_aდავითაძე, ემენ _93500 |
||
| 245 |
_aვაზის გახიზვნა : _bპოემა / _cემენ დავითაძე ; რედ. ზ.ფირცხალაიშვილი. |
||
| 264 |
_aბათუმი : _bსაბჭ.აჭარა, _c1985. |
||
| 300 |
_a127 გვ. ; _bფოტო ; _c14 სმ. |
||
| 653 | _aვაზის გახიზვნა | ||
| 653 | _aპოემა | ||
| 700 |
_aფირცხალაიშვილი, ზ. _eრედაქტორი _93678 |
||
| 942 |
_cBK _2udc |
||